000 00544nam a2200217 a 4500
999 _c4239
_d4239
001 4239
003 BD-JhCC
005 20171125170418.0
008 171125s1963 ii a|||| |||| 000 0 eng d
035 _a(BD-JhCC)4239
040 _aBD-JhCC
_dBD-JhCC
041 _aeng
082 _a428.6
_bWAT 1963
100 _aWatts, N.A.
245 _aHelp Yourself to Science /
_cN. A. Watts
260 _aBombay :
_bOrient Longmans,
_c1963.
300 _a44 p. :
_bill. ;
_c24 cm.
650 _aReaders (Elemenary)
942 _2ddc
_cBK